000 00636 a2200193 4500
020 _a0387207562
020 _a9780387207568
082 0 4 _a003.54
090 _c411
_d411
100 1 _aBuchmann, Johannes.
245 1 0 _aIntroduction to cryptography /
_cJohannes Buchmann.
250 _a2nd ed.
260 _a[S.l.] :
_bSpringer,
_c2004.
300 _a351 p. ;
_c24 cm.
490 1 _aUndergraduate texts in mathematics.
830 0 _aUndergraduate texts in mathematics.
942 _aSNS
_cBK
_k003.54 BUC
999 _c29043
_d29043